Missing Word: David Bowie Album Titles Quiz Stats

Quiz Updated Jan 17, 2016

Challenge
Share
Tweet
Embed
Score 0/14 Timer 03:00
0 Plays Today
Album Missing Word % Correct
Let's ____Dance
87.8%
____ DoryHunky
86.8%
The Man Who Sold the ____World
86.1%
The Rise and Fall of Ziggy Stardust and the ____ from MarsSpiders
78.3%
Black Tie ____ NoiseWhite
73.6%
Young ____Americans
73.4%
Aladdin ____Sane
72.4%
Album Missing Word % Correct
____ DogsDiamond
70.8%
Never Let Me ____Down
66.7%
Scary ____ (and Super Creeps)Monsters
64.2%
____ UpsPin
48.7%
____ to ____Station
48.5%
____ MachineTin
47.9%
The ____ DayNext
44.9%

Today's Daily Dose

Missing Word
NPR Programs

Quick Pick
1991 Events

On This Day
June 18th II

You're not logged in!

Compare scores with friends on all Sporcle quizzes.
Join for Free
OR
Log In

You Might Also Like...

Show Comments

Extras

Top Quizzes Today


Score Distribution

Your Account Isn't Verified!

In order to create a playlist on Sporcle, you need to verify the email address you used during registration. Go to your Sporcle Settings to finish the process.

Report this User

Report this user for behavior that violates our Community Guidelines.

Details: